[Event "Porto Alegre Oncosinos op"]
[Site "Porto Alegre"]
[Date "2015.09.05"]
[Round "2"]
[White "Bidigaray, Marcio"]
[Black "Pereira, Tiago Scharlau Toma"]
[Result "1-0"]
[WhiteElo "1649"]
[BlackElo "1747"]
[PlyCount "73"]
[EventDate "2015.09.04"]
[EventType "swiss"]
[EventRounds "7"]
[EventCountry "BRA"]
[SourceTitle "EXT 2016"]
[Source "ChessBase"]
[SourceDate "2015.10.08"]
[SourceVersion "1"]
[SourceVersionDate "2015.10.08"]
[SourceQuality "1"]

1. e4 c6 2. d4 d5 3. e5 Bf5 4. g4 Bg6 5. h4 h6 6. h5 Be4 7. f3 Bh7 8. Bd3 Bxd3 9. Qxd3 Nd7 10. e6 Ndf6 11. exf7+ Kd7 12. fxg8Q Rxg8 13. Bd2 Qc7 14. Ne2 Re8 15. Nbc3 Kc8 16. 0-0-0 e6 17. Nf4 Nd7 18. Ng6 Bd6 19. Ne2 e5 20. dxe5 Bxe5 21. Nc3 Kb8 22. Nxe5 Qxe5 23. Kb1 Qf6 24. Rhe1 Nc5 25. Qf1 Ne6 26. f4 Rgf8 27. f5 Nc5 28. Bf4+ Ka8 29. Rxe8+ Rxe8 30. Re1 Ne4 31. Nxe4 Rxe4 32. Rxe4 dxe4 33. Qc4 Qd8 34. Qxe4 a6 35. a3 Qd7 36. b3 Qd1+ 37. Kb2 1-0

[Event "Porto Alegre Oncosinos op"]
[Site "Porto Alegre"]
[Date "2015.09.04"]
[Round "1"]
[White "Perondi, Rodolfo Antonio"]
[Black "Pereira, Tiago Scharlau Toma"]
[Result "1-0"]
[WhiteElo "1785"]
[BlackElo "1747"]
[PlyCount "79"]
[EventDate "2015.09.04"]
[EventType "swiss"]
[EventRounds "7"]
[EventCountry "BRA"]
[SourceTitle "EXT 2016"]
[Source "ChessBase"]
[SourceDate "2015.10.08"]
[SourceVersion "1"]
[SourceVersionDate "2015.10.08"]
[SourceQuality "1"]

1. Nf3 d5 2. c4 c6 3. b3 Bf5 4. g3 Nf6 5. Bg2 Nbd7 6. 0-0 e5 7. d4 e4 8. Nh4 Bg6 9. cxd5 cxd5 10. f3 Be7 11. Nxg6 hxg6 12. fxe4 Nxe4 13. Qd3 f5 14. Nd2 Rc8 15. Nxe4 dxe4 16. Qb5 Rc2 17. Bf4 Qb6 18. Qxb6 Nxb6 19. Rfc1 Rxc1+ 20. Rxc1 0-0 21. Rc7 Nd5 22. Rxb7 Bf6 23. Be5 Rc8 24. Bxf6 gxf6 25. Rd7 Nc3 26. Kf2 Nxa2 27. d5 Kf8 28. d6 Ke8 29. Rxa7 Rc2 30. Re7+ Kd8 31. Rf7 Nc1 32. Bf1 Nxb3 33. Rxf6 Rc3 34. Rxg6 Kd7 35. h4 Nd4 36. h5 Ne6 37. h6 Rc8 38. Bh3 Rf8 39. h7 Kxd6 40. Rg8 1-0